Chỉ dẫn văn phạm cách sử dụng và cách chấm câu
Zapisane w:
| 1. autor: | |
|---|---|
| Format: | Książka |
| Język: | Vietnamese |
| Wydane: |
Đồng Nai
Nxb. Đồng Nai
1995
|
| Seria: | Anh văn cho học sinh tham khảo
|
| Hasła przedmiotowe: | |
| Etykiety: |
Dodaj etykietę
Nie ma etykietki, Dołącz pierwszą etykiete!
|
| Thư viện lưu trữ: | Mạng thư viện Đại học Đà Nẵng |
|---|
| LEADER | 00993nam a2200301 4500 | ||
|---|---|---|---|
| 001 | 000015895 | ||
| 003 | 12281 | ||
| 005 | 20120605160613.0 | ||
| 008 | 120605s1995 viesd | ||
| 041 | 0 | |a vie | |
| 082 | |a 425 |b NG-Q | ||
| 100 | 0 | |a Nguyễn Văn Quý | |
| 245 | 0 | |a Chỉ dẫn văn phạm cách sử dụng và cách chấm câu |c Nguyễn Văn Quý | |
| 260 | |a Đồng Nai |b Nxb. Đồng Nai |c 1995 | ||
| 300 | |a 352tr. |c 19 cm | ||
| 490 | |a Anh văn cho học sinh tham khảo | ||
| 653 | |a văn phạm | ||
| 653 | |a tiếng Anh | ||
| OWN | |a LSP | ||
| AVA | |a UDN50 |b LSP |d 425 NG-Q |e available |t Error 5001 Not defined in file expand_doc_bib_avail. |f 2 |g 0 |h N |i 0 |k 1 | ||
| 999 | |a From the UDN01 | ||
| AVA | |a UDN50 |b LSP |d 425 NG-Q |e available |t Error 5001 Not defined in file expand_doc_bib_avail. |f 2 |g 0 |h N |i 0 |k 1 | ||
| TYP | |a Monograph | ||
| TYP | |a Printed language | ||
| 980 | |a Mạng thư viện Đại học Đà Nẵng | ||